ALL Formula 1 Driver WDC Winners - Statistics

General Stats
  • This quiz has been taken 30 times
  • The average score is 63 of 75
Answer Stats
Year WDC Winner % Correct
2005 Fernando Alonso
100%
2006 Fernando Alonso
100%
2007 Kimi Raikkonen
100%
2008 Lewis Hamilton
100%
2014 Lewis Hamilton
100%
2015 Lewis Hamilton
100%
2017 Lewis Hamilton
100%
2018 Lewis Hamilton
100%
2019 Lewis Hamilton
100%
2020 Lewis Hamilton
100%
2021 Max Verstappen
100%
2022 Max Verstappen
100%
2023 Max Verstappen
100%
2024 Max Verstappen
100%
1994 Michael Schumacher
100%
1995 Michael Schumacher
100%
2000 Michael Schumacher
100%
2001 Michael Schumacher
100%
2002 Michael Schumacher
100%
2003 Michael Schumacher
100%
2004 Michael Schumacher
100%
1988 Ayrton Senna
96%
1990 Ayrton Senna
96%
1991 Ayrton Senna
96%
1982 Keke Rosberg
96%
2016 Nico Rosberg
96%
2010 Sebastian Vettel
96%
2011 Sebastian Vettel
96%
2012 Sebastian Vettel
96%
2013 Sebastian Vettel
96%
1985 Alain Prost
93%
1986 Alain Prost
93%
1989 Alain Prost
93%
1993 Alain Prost
93%
2009 Jenson Button
93%
1951 Juan Manuel Fangio
89%
1954 Juan Manuel Fangio
89%
1955 Juan Manuel Fangio
89%
1956 Juan Manuel Fangio
89%
1957 Juan Manuel Fangio
89%
1976 James Hunt
85%
1998 Mika Hakkinen
85%
1999 Mika Hakkinen
85%
1975 Niki Lauda
85%
1977 Niki Lauda
85%
1984 Niki Lauda
85%
1996 Damon Hill
81%
1962 Graham Hill
81%
1968 Graham Hill
81%
1997 Jacques Villeneuve
81%
1961 Phil Hill
81%
1981 Nelson Piquet
78%
1983 Nelson Piquet
78%
1987 Nelson Piquet
78%
1992 Nigel Mansell
70%
1950 Giuseppe Farina
67%
1969 Jackie Stewart
67%
1971 Jackie Stewart
67%
1973 Jackie Stewart
67%
1952 Alberto Ascari
63%
1953 Alberto Ascari
63%
1972 Emerson Fittipaldi
59%
1974 Emerson Fittipaldi
59%
1959 Jack Brabham
59%
1960 Jack Brabham
59%
1966 Jack Brabham
59%
1963 Jim Clark
59%
1965 Jim Clark
59%
1979 Jody Scheckter
59%
1980 Alan Jones
56%
1967 Denny Hulme
56%
1978 Mario Andretti
56%
1970 Jochen Rindt
52%
1958 Mike Hawthorn
52%
1964 John Surtees
48%
No matching quizzes found
Score Distribution
Percent of People with Each Score
Percentile by Number Answered
Your Score History
You have not taken this quiz